Hide and Seek - Countries #18 - Statistics

General Stats
  • This quiz has been taken 9 times
  • The average score is 4 of 7
Answer Stats
Answer % Correct
Gambia
75%
Colombia
63%
Namibia
63%
Saudi Arabia
63%
Serbia
63%
Zambia
63%
They all end in BIA
38%
No matching quizzes found
Score Distribution
Percent of People with Each Score
Percentile by Number Answered
Your Score History
You have not taken this quiz